书目信息 |
| 题名: |
好想住文艺风的家
|
|
| 作者: | 夏然 编著 | |
| 分册: | 卧室设计与软装搭配 | |
| 出版信息: | 南京 江苏凤凰科学技术出版社 2018 |
|
| 页数: | 151页 | |
| 开本: | 24cm | |
| 丛书名: | ||
| 单 册: | ||
| 中图分类: | TU241.02-64 , TU241.042-64 , TU241.02 | |
| 科图分类: | ||
| 主题词: | 住宅--室内装饰设计--图集 , 卧室--室内装饰设计--图集 | |
| 电子资源: | ||
| ISBN: | 978-7-5537-9118-0 | |
| 000 | 00917nam0 2200253 450 | |
| 001 | 2375716793 | |
| 005 | 20231209232651.51 | |
| 010 | @a978-7-5537-9118-0@dCNY49.80 | |
| 100 | @a20181129d2018 em y0chiy50 ea | |
| 101 | 0 | @achi |
| 102 | @aCN@b320000 | |
| 105 | @aa z 000yy | |
| 200 | 1 | @a好想住文艺风的家@Ahao xiang zhu wen yi feng de jia@i卧室设计与软装搭配@f夏然编著 |
| 210 | @a南京@c江苏凤凰科学技术出版社@d2018 | |
| 215 | @a151页@c彩图@d24cm | |
| 330 | @a本书共分五部分,内容包括:做这么多,只为睡一夜好觉;生活有点混乱,卧室可以很整齐;每一个和肌肤相关的,怎能苟且;我那么开心,全因为有你;任何不以放松为目的的设计,都是“调戏”。 | |
| 606 | 0 | @a住宅@x室内装饰设计@j图集 |
| 606 | 0 | @a卧室@x室内装饰设计@j图集 |
| 690 | @aTU241.02-64@v5 | |
| 690 | @aTU241.042-64@v5 | |
| 690 | @aTU241.02@v4 | |
| 701 | 0 | @a夏然@Axia ran@c(女)@4编著 |
| 801 | 0 | @aCN@b91MARC@c20181129 |
| 905 | @aZUCC@dTU241.02@e48:1 | |
| 好想住文艺风的家.卧室设计与软装搭配/夏然编著.-南京:江苏凤凰科学技术出版社,2018 |
| 151页:彩图;24cm |
| ISBN 978-7-5537-9118-0:CNY49.80 |
| 本书共分五部分,内容包括:做这么多,只为睡一夜好觉;生活有点混乱,卧室可以很整齐;每一个和肌肤相关的,怎能苟且;我那么开心,全因为有你;任何不以放松为目的的设计,都是“调戏”。 |
| ● |
| 相关链接 |
|
|
|
正题名:好想住文艺风的家
索取号:TU241.02/48:1
 
预约/预借
| 序号 | 登录号 | 条形码 | 馆藏地/架位号 | 状态 | 备注 |
| 1 | 2001033825 | 2001033825 | 辽宁一、悦读混合/辽宁北配(第三批)/辽批8/ [索取号:TU241.02/48:1] | 在馆 | |
| 2 | 2001033826 | 2001033826 | 辽宁一、悦读混合/辽宁北配(第三批)/辽批8/ [索取号:TU241.02/48:1] | 在馆 | |
| 3 | 2001033827 | 2001033827 | 辽宁一、悦读混合/辽宁北配(第三批)/辽批8/ [索取号:TU241.02/48:1] | 在馆 | |
| 4 | 2001033828 | 2001033828 | 辽宁一、悦读混合/辽宁北配(第三批)/辽批8/ [索取号:TU241.02/48:1] | 在馆 | |
| 5 | 2001033829 | 2001033829 | 辽宁一、悦读混合/辽宁北配(第三批)/辽批8/ [索取号:TU241.02/48:1] | 在馆 | |
| 6 | 2001033830 | 2001033830 | 辽宁一、悦读混合/辽宁北配(第三批)/辽批8/ [索取号:TU241.02/48:1] | 在馆 |